00718nam a2200217Ia 450000500170000000800410001702000150005804000180007304100080009108200220009910000230012124500970014425000120024126000480025326000620030130000290036365000250039265000360041765000260045370000210047920220512152347.0210716s2001 xx 000 0 und d a8185502579 cAIMIT LIBRARY aeng a658.401223bHILC aHill, Charles W L. aStrategic management theory :ban integrated approch /cBy Charles W. L. and Gareth R. Jones a3rd ed. aBoston :bHoughton mifflin Company ,c1998. aChennaibAll India Publishers & Distributors Regd.c1998. axxii, 436p. I-10c24 cm. aStrategic Management aNature of Competitive Advantage aImplementing Strategy aJones, Gareth R.